Animals by Latin Name - Statistics

General Stats
  • This quiz has been taken 49 times
  • The average score is 12 of 26
Answer Stats
Latin Name Common Name % Correct
Delphinus Dolphin
100%
Canis lupus familiaris Dog
98%
Felis catus Cat
95%
Canis lupus Wolf
95%
Rattus Rat
93%
Bos taurus Cow
90%
Orcinus Orca Killer Whale
76%
Araneae Spider
68%
Gallus gallus domesticus Chicken
63%
Formicidae Ant
61%
Aquila Eagle
49%
Selachimorpha Shark
37%
Psittaciformes Parrot
34%
Sciuridae Squirrel
34%
Cercopithecidae Monkey
27%
Carcharodon carcharias White Shark
27%
Ciconiidae Stork
17%
Culicudae Mosquito
15%
Passer domesticus Sparrow
15%
Hydrochoerus hydrochaeris Capybara
12%
Amphiprion ocellaris Clownfish
12%
Xiphias gladius Swordfish
12%
Picus Woodpecker
10%
Varanus komodoensis Komodo Dragons
7%
Physeter macrocephalus Sperm Whale
7%
Rhincodon typus Whale Shark
7%
No matching quizzes found
Score Distribution
Percent of People with Each Score
Percentile by Number Answered
Your Score History
You have not taken this quiz